Who clicks faster? - Statistics

General Stats
  • This quiz has been taken 1,790 times
    1,454 since last reset
  • The average score is 59 of 200
Answer Stats
Hint Answer % Correct
001 0
99%
002 1
91%
003 0
81%
004 1
77%
005 0
75%
006 1
74%
007 0
73%
008 1
73%
009 0
72%
011 0
71%
010 1
71%
012 1
71%
013 0
70%
014 1
68%
015 0
67%
017 0
67%
016 1
67%
018 1
66%
019 0
65%
021 0
65%
020 1
65%
023 0
63%
022 1
63%
024 1
63%
025 0
62%
026 1
62%
027 0
61%
029 0
60%
031 0
60%
028 1
60%
030 1
60%
033 0
59%
032 1
59%
035 0
58%
037 0
58%
034 1
58%
036 1
58%
039 0
57%
038 1
57%
040 1
56%
041 0
55%
043 0
55%
042 1
55%
045 0
54%
044 1
54%
047 0
53%
046 1
53%
048 1
53%
049 0
52%
050 1
52%
051 0
51%
052 1
51%
053 0
50%
054 1
50%
055 0
49%
057 0
48%
056 1
48%
058 1
48%
059 0
47%
061 0
46%
060 1
46%
062 1
45%
063 0
44%
065 0
43%
064 1
43%
066 1
43%
067 0
42%
069 0
42%
068 1
42%
070 1
42%
071 0
41%
073 0
41%
072 1
41%
074 1
40%
075 0
39%
077 0
39%
076 1
39%
078 1
38%
079 0
37%
081 0
36%
080 1
36%
082 1
36%
083 0
35%
085 0
33%
087 0
33%
084 1
33%
086 1
33%
088 1
33%
089 0
32%
090 1
31%
091 0
30%
093 0
30%
092 1
30%
094 1
29%
095 0
28%
096 1
28%
097 0
27%
099 0
27%
098 1
27%
101 0
26%
103 0
26%
100 1
26%
102 1
26%
104 1
25%
105 0
24%
107 0
24%
106 1
24%
108 1
23%
109 0
22%
111 0
21%
113 0
21%
110 1
21%
112 1
21%
114 1
20%
115 0
19%
117 0
19%
116 1
19%
119 0
18%
118 1
18%
120 1
17%
121 0
16%
122 1
15%
123 0
14%
124 1
14%
125 0
13%
127 0
13%
126 1
13%
128 1
12%
129 0
11%
131 0
11%
130 1
11%
133 0
10%
132 1
10%
135 0
9%
134 1
9%
137 0
8%
136 1
8%
138 1
8%
139 0
7%
141 0
7%
140 1
7%
143 0
6%
145 0
6%
147 0
6%
142 1
6%
144 1
6%
146 1
6%
148 1
6%
149 0
5%
151 0
5%
153 0
5%
150 1
5%
152 1
5%
155 0
4%
157 0
4%
159 0
4%
161 0
4%
154 1
4%
156 1
4%
158 1
4%
160 1
4%
162 1
4%
163 0
3%
165 0
3%
164 1
3%
167 0
2%
169 0
2%
171 0
2%
166 1
2%
168 1
2%
170 1
2%
173 0
1%
175 0
1%
177 0
1%
179 0
1%
181 0
1%
183 0
1%
185 0
1%
172 1
1%
174 1
1%
176 1
1%
178 1
1%
180 1
1%
182 1
1%
184 1
1%
187 0
0%
189 0
0%
191 0
0%
193 0
0%
195 0
0%
197 0
0%
199 0
0%
186 1
0%
188 1
0%
190 1
0%
192 1
0%
194 1
0%
196 1
0%
198 1
0%
200 1
0%
No matching quizzes found
Score Distribution
Percent of People with Each Score
Percentile by Number Answered
Your Score History
You have not taken this quiz since the last reset